Normal view
MARC view
- : Stroud, John
Entry Personal Name
001 - CONTROL NUMBER
- control field: 104998
003 - CONTROL NUMBER IDENTIFIER
- control field: NUST
005 - DATE AND TIME OF LATEST TRANSACTION
- control field: 20221215143615.0
008 - FIXED-LENGTH DATA ELEMENTS
- fixed length control field: 221215|| aca||aabn | a|a d
040 ## - CATALOGING SOURCE
- Original cataloging agency: NUST
- Transcribing agency: NUST
100 ## - HEADING--PERSONAL NAME
- Personal name: : Stroud, John
670 ## - SOURCE DATA FOUND
- Source citation: Work cat.: (NUST)184768: : Stroud, John, The shorn lamb / , [1960]
